Kanada - quiz wielokrotnego wyboru - Statystyki

Ogólne statystyki
  • Ten quiz został rozwiązany 1 247 razy
  • Średni wynik to 8 z 16
Statystyki odpowiedzi
Zagadnienie Odpowiedź % Poprawnych
Jaka jest stolica Kanady? Ottawa
96%
Prawda czy fałsz? Ponad 50% populacji Kanady żyje na szerokości geograficznej położonej dalej na południe niż Seattle. Prawda
70%
Jaka prowincja dołączyła do Kanady dopiero w 1949 r.? Nowa Fundlandia i Labrador
64%
Jaki procent Kanadyjczyków mówi po francusku jako ojczystym języku? 22
62%
Jaka jest największa wyspa Kanady pod względem powierzchni? Ziemia Baffina
56%
Które terytorium Francji znajduje się zaledwie 8 kilometrów od wybrzeży Nowej Fundlandii? Saint-Pierre i Miquelon
54%
Mount Logan to najwyższa góra w Kanadzie i druga co do wysokości w Ameryce Północnej. Gdzie się znajduje? Jukon
52%
Która prowincja Kanady ma największą populację? Ontario
51%
Jaka jest stolica Manitoby? Winnipeg
47%
Który brytyjski kapitan morski sporządził mapę wybrzeża Kolumbii Brytyjskiej w latach dziewięćdziesiątych XVIII wieku? George Vancouver
46%
Jaki procent mieszkańców Kanady urodził się w innym kraju? 22
41%
Która z nich nie jest obecną drużyną hokejową NHL? Quebec Nordiques
40%
Jakie państwo wyrzuciło ambasadora Kanady po tym, jak w 2018 r. rząd Kanady wezwał do uwolnienia dwóch dysydentów? Arabia Saudyjska
29%
Jakie jest narodowe zwierzę Kanady? Bóbr
28%
Co jest przedstawione na awersie kanadyjskiej monety 1 dolara? Nura lodowieca
14%
Który z tych zespołów pochodzi z Kanady? The Tragically Hip
14%
Nie znaleziono quizów pasujących do podanych kryteriów
Rozkład punktacji
Procent ludzi z każdym wynikiem
Percentyl według liczby udzielonych odpowiedzi
Twoja historia wyników
Nie rozwiązałeś tego quizu